Clasificador nacional de ocupaciones (Registro nro. 8983)

Detalles MARC
000 -LEADER
fixed length control field 00711nas a2200217 454500
001 - CONTROL NUMBER
control field 57703
005 - DATE AND TIME OF LATEST TRANSACTION
control field 20260407193512.0
008 - FIXED-LENGTH DATA ELEMENTS--GENERAL INFORMATION
fixed length control field 260407s1994####ag###########|||spa#d
003 - CONTROL NUMBER IDENTIFIER
control field AR-UNSa-BCEJYS
040 ## - CATALOGING SOURCE
Original cataloging agency AR-UNSa-BCEJYS
Language of cataloging spa
Transcribing agency AR-UNSa-BCEJYS
080 ## - UNIVERSAL DECIMAL CLASSIFICATION NUMBER
Universal Decimal Classification number 311.3
Common auxiliary subdivision Organización general de las estadisticas. Estadística oficial
022 ## - INTERNATIONAL STANDARD SERIAL NUMBER
International Standard Serial Number 0326-6222
041 ## - LANGUAGE CODE
Language code of text/sound track or separate title spa
100 1# - MAIN ENTRY--PERSONAL NAME
Personal name Instituto Nacional de Estadística y Censos (INDEC)
245 10 - TITLE STATEMENT
Title Clasificador nacional de ocupaciones
Name of part/section of a work antecedentes, características y perspectivas
264 #1 - PRODUCTION, PUBLICATION, DISTRIBUTION, MANUFACTURE, AND COPYRIGHT NOTICE
Place of production, publication, distribution, manufacture Buenos Aires :
Name of producer, publisher, distributor, manufacturer INDEC
Date of production, publication, distribution, manufacture, or copyright notice 1994
310 ## - CURRENT PUBLICATION FREQUENCY
Current publication frequency Serie: Metodologias Nº 7
590 ## - LOCAL NOTE (RLIN)
Local note niveau_biblio:s niveau_hierar:1
650 ## - SUBJECT ADDED ENTRY--TOPICAL TERM
Topical term or geographic name entry element ESTADISTICA
942 ## - ADDED ENTRY ELEMENTS (KOHA)
Koha item type

No hay ítems disponibles.